Niemieckie Landy i ich Stolice na Mapie - Statystyki

Ogólne statystyki
  • Ten quiz został rozwiązany 74 razy
  • Średni wynik to 19 z 32
Odpowiedzi na mapie
Odpowiedzi zakodowano w zielono-czerwonej skali na mapie do tego quizu, zgodnie z poniższymi procentami.
 
Statystyki odpowiedzi
Land % Poprawnych
Berlin
97%
Berlin
97%
Hamburg
86%
Hamburg
86%
Bawaria
83%
Monachium
83%
Brema
74%
Brema
74%
Brandenburgia
69%
Poczdam
69%
Saksonia
69%
Drezno
66%
Dolna Saksonia
60%
Kilonia
60%
Saara
60%
Turyngia
60%
Hesja
57%
Nadrenia Północna-Westfalia
57%
Saksonia-Anhalt
54%
Stuttgart
54%
Düsseldorf
51%
Hanower
51%
Meklemburgia-Pomorze Przednie
51%
Saarbrücken
49%
Szlezwik-Holsztyn
49%
Badenia-Wirtembergia
46%
Moguncja
43%
Nadrenia-Palatynat
43%
Erfurt
40%
Magdeburg
37%
Schwerin
31%
Wiesbaden
31%
Nie znaleziono quizów pasujących do podanych kryteriów
Rozkład punktacji
Procent ludzi z każdym wynikiem
Percentyl według liczby udzielonych odpowiedzi
Twoja historia wyników
Nie rozwiązałeś tego quizu